000
00243nam a2200097Ia 4500
001
1206723
005
20251013104756.0
008
250824s9999 xx 000 0 und d
245
0
_a
KARAYEL HÜZNÜ
_c
BUKET UZUNER
260
_b
EVEREST YAYINLARI
999
_c
1206723
_d
1206723